Βασικές αρχές τεχνολογίας λογισμικού

Αποθηκεύτηκε σε:
Λεπτομέρειες βιβλιογραφικής εγγραφής
Κύριος συγγραφέας: Sommerville, Ian, 1951-
Μορφή: Βιβλίο
Γλώσσα:Greek
English
Δημοσίευση: Αθήνα : Κλειδάριθμος, c2009.
Έκδοση:8η αγγλική έκδ.
Θέματα:
Ετικέτες: Προσθήκη ετικέτας
Δεν υπάρχουν, Καταχωρήστε ετικέτα πρώτοι!

MARC

LEADER 00000cam a2200000 i 4500
001 1/12463
008 110316s2009####gr | ||| |||| ||gre||
020 |a 9789604612208  
035 |l 10109798 
040 |a GR-MyUa  |b gre  |e AACR2 
041 1 |a gre  |h eng 
082 7 |a 005.1   |2 (22)  
100 1 |a Sommerville, Ian,   |d 1951- 
245 1 0 |a Βασικές αρχές τεχνολογίας λογισμικού /   |c Ian Sommerville ; μετάφραση Δημήτρης Τσιλογιάννης ; επιμέλεια Τάκης Άλβας, Παναγιώτης Αρκουδέας, Δημήτρης Καρτσακλής.  
250 |a 8η αγγλική έκδ.  
260 |a Αθήνα :   |b Κλειδάριθμος,   |c c2009.  
300 |a 957 σ. :   |b εικ. ;   |c 24 εκ.  
500 |a "This translation of Softwear engineering (update) 8th edition is published by arrangemnt with Pearson Education Limited". - Σημείωση στo verso.  
504 |a Βιβλιογραφία: σ.[919]-938. Ευρετήρια.  
650 0 |a Software engineering. 
765 0 8 |i Μετάφραση του:   |t Software engineering /  
852 |a INST  |b CHIOS  |e 20181015  |h 005.1 SOM  |p 005200038647  |q 005200038647  |t BK  |y 0 
852 |a INST  |b CHIOS  |c EUDOXUS  |e 20130528  |h 005.1 SOM  |p 005200035267  |q 005200035267  |t EDX  |y 0 
852 |a INST  |b LESVOS  |c EUDOXUS  |e 20160530  |h 005.1 SOM  |p 005100058573  |q 005100058573  |t EDX  |y 0 
852 |a INST  |b SAMOS  |c EUDOXUS  |e 20110316  |h 005.1 SOM  |p 005300032905  |q 005300032905  |t EDX  |y 0 
852 |a INST  |b SAMOS  |c EUDOXUS  |e 20110316  |h 005.1 SOM  |p 005300032906  |q 005300032906  |t EDX  |y 0 
852 |a INST  |b SAMOS  |c EUDOXUS  |e 20110316  |h 005.1 SOM  |p 005300032907  |q 005300032907  |t EDX  |y 0 
852 |a INST  |b SAMOS  |c EUDOXUS  |e 20130108  |h 005.1 SOM  |p 005300033506  |q 005300033506  |t EDX  |y 0 
852 |a INST  |b SAMOS  |c EUDOXUS  |e 20140515  |h 005.1 SOM  |p 005300036701  |q 005300036701  |t EDX  |y 0 
852 |a INST  |b SAMOS  |c EUDOXUS  |e 20130412  |h 005.1 SOM  |p 005300039934  |q 005300039934  |t EDX  |y 0 
852 |a INST  |b SAMOS  |c EUDOXUS  |e 20131014  |h 005.1 SOM  |p 005300040664  |q 005300040664  |t EDX  |y 0 
852 |a INST  |b SYROS  |c EUDOXUS  |e 20130424  |h 005.1 SOM  |p 005500010680  |q 005500010680  |t EDX  |y 0 
852 |a INST  |b SYROS  |c EUDOXUS  |e 20130424  |h 005.1 SOM  |p 005500010681  |q 005500010681  |t EDX  |y 0 
901 |a BIBL3-2014-2 
901 |a BIBL3-2013-3 
901 |a BIBL5-2013-1 
901 |a BIBL3-2013-1 
901 |a BIBL3-2011-1 
901 |a BIBL2-2013-2 
920 |a Εύδοξος  |b Επιστροφή  |y Σάμος  |z 2014-05 
920 |a Εύδοξος  |b Επιστροφή  |y Σάμος  |z 2013-05 
920 |a Εύδοξος  |b Παραγγελία  |y Σύρος-ΤΜΣΠΣ  |z 2013-04 
920 |a Εύδοξος  |b Επιστροφή  |y Σάμος  |z 2013-02 
920 |a Εύδοξος  |b Επιστροφή  |y Σάμος  |z 2012-10 
920 |a Εύδοξος  |b Επιστροφή  |y Σάμος  |z 2011-03 
920 |a Εύδοξος  |b Παραγγελία  |y Χίος-ΤΝΕΥ  |z 2013-04 
920 |a Εύδοξος  |b Παραγγελία  |y Λέσβος-ΤΠΤΕ  |z 2016-04 
970 |a Γουβάλα  |b Βάσω  |z 16/03/2011